LEADER 00877nam a2200253 i 4500 001 991001248359707536 005 20020507185947.0 008 930909s1987 us ||| | eng 020 $a0821801082 035 $ab10821211-39ule_inst 035 $aLE01309324$9ExL 040 $aDip.to Matematica$beng 082 0 $a510 084 $aAMS 00A15 245 10$aProbability theory :$bsubject index from mathematical reviews 1940-84 260 $aProvidence, R. I. :$bAmerican mathematical society,$c1987 300 $a462 p. ;$c30 cm. 650 4$aBibliographies 907 $a.b10821211$b21-09-06$c28-06-02 912 $a991001248359707536 945 $aLE013 MRR 60-XX (1987)$g1$i2013000074894$lle013$o-$pE0.00$q-$rl$s- $t0$u0$v0$w0$x0$y.i10928236$z28-06-02 996 $aProbability Theory$9438114 997 $aUNISALENTO 998 $ale013$b01-01-93$cm$da $e-$feng$gus $h0$i1 LEADER 01987oam 2200373z- 450 001 9910148586703321 005 20160506101416.0 010 $a1-68144-441-0 035 $a(CKB)3710000000921871 035 $a(EXLCZ)993710000000921871 100 $a20190630c2016uuuu -u- - 101 0 $aeng 135 $aur||||||||||| 200 10$aBramard's case /$fDavid Longo ; translated from the Italian by Silvester Mazzarella 210 $cMacLehose Press 311 $a1-68144-443-7 330 $a"Corso Bramard lives in the mountains not far outside Turin. A former police inspector, he has kept out of the public eye for twenty years following the brutal killings of his wife and daughter. Periodically, the at-large murderer taunts Bramard, sending him letters containing snippets of song lyrics by Leonard Cohen. Bramard keeps them all, and spends his days haunted by twin obsessions: one, to find the man who destroyed his life, and the other, to end his own life altogether. Until the day he receives the killer's latest communication, and everything changes--the murderer may have finally made a mistake, giving Bramard a vital clue about where to begin the hunt. Aided by his former colleagues and by Isa, an unusual cop with a highly unorthodox style, Corso sets out to catch his monster at last"--$cProvided by publisher. 606 $aDetectives$zItaly$zTurin$vFiction 606 $aMurder$zItaly$zTurin$vFiction 606 $aFICTION / Mystery & Detective / Police Procedural$2bisacsh 606 $aFICTION / General$2bisacsh 608 $aMystery fiction.$2gsafd 615 0$aDetectives 615 0$aMurder 615 7$aFICTION / Mystery & Detective / Police Procedural. 615 7$aFICTION / General. 676 $a853/.92 686 $aFIC022020$aFIC000000$2bisacsh 700 $aLongo$b Davide$f1971-$01249148 702 $aMazzarella$b Silvester 906 $aBOOK 912 $a9910148586703321 996 $aBramard's case$92894884 997 $aUNINA